Villes de plus de 100 000 habitants du Canada sur une carte - Statistiques

Statistiques générales
  • Ce quiz a été pris 3 782 fois
  • Le résultat moyen est 15 sur 68
Réponses sur la Carte
Les réponses sont colorées sur une échelle allant du rouge au vert en fonction du pourcentage des utilisateurs qui les ont devinées à leur premier essai. Vous pouvez retrouver ces pourcentages ci-dessous.
 
Statistiques - réponses
Ville Population % Correct
Montréal 1 874 560
94%
Toronto 3 110 984
93%
Ottawa 1 114 316
89%
Québec 578 593
89%
Vancouver 732 581
87%
Calgary 1 481 466
58%
Edmonton 1 128 811
53%
Winnipeg 815 599
44%
Laval 451 986
40%
Halifax 491 921
37%
Trois-Rivières 145 226
34%
Victoria 100 505
31%
Saint-Jean de Terre-Neuve 121 472
29%
Regina 245 640
28%
Gatineau 298 740
26%
Saskatoon 295 204
26%
London 474 643
25%
Saguenay 149 727
25%
Sherbrooke 180 936
24%
Niagara Falls 105 552
22%
Hamilton 615 244
21%
Saint-Jean-sur-Richelieu 100 179
19%
Mississauga 756 453
18%
Windsor 255 508
18%
Lévis 156 114
17%
Kingston 145 104
16%
Longueuil 262 604
16%
Thunder Bay 115 711
16%
Brampton 744 041
13%
Grand Sudbury 179 831
13%
Surrey 653 039
13%
Cap-Breton 104 801
12%
Kitchener 300 892
12%
Richmond 235 093
12%
Terrebonne 123 577
12%
Burnaby 283 593
11%
Kamloops 106 974
11%
Kelowna 161 166
11%
Oshawa 196 165
11%
Red Deer 109 234
11%
Barrie 164 487
10%
Markham 357 298
10%
Nanaimo 108 277
10%
Vaughan 344 930
10%
Abbotsford 166 842
9%
Guelph 156 773
9%
Oakville 231 886
9%
St. Catharines 149 550
9%
Ajax 135 968
8%
Burlington 195 764
8%
Cambridge 156 318
8%
Coquitlam 166 584
8%
Langley 187 733
8%
Lethbridge 107 225
8%
North Vancouver 161 596
8%
Richmond Hill 212 252
8%
Waterloo 139 696
8%
Brantford 116 587
7%
Chatham-Kent 110 751
7%
Chilliwack 101 862
7%
Delta 120 049
7%
Milton 148 110
7%
Comté de Strathcona 104 243
6%
Maple Ridge 102 414
6%
Pickering 109 116
6%
Whitby 154 478
6%
Clarington 111 404
5%
Saanich 125 380
5%
Aucun quiz correspondant
Distribution des résultats
% des personnes avec chaque résultat
Percentile par nombre de réponses
Votre historique - résultats
Vous n’avez pas pris ce quiz